000 00632cam a2200205 4500500
005 20260405002252.0
041 _afre
042 _adc
100 1 0 _aPortevin, Catherine
_eauthor
245 0 0 _aLes Diplomates. Cohabiter avec les loups sur une nouvelle carte du vivant
260 _c2016.
500 _a7
690 _aAnimal
690 _aBaptiste Morizot
690 _aLoup
690 _aOntologie
690 _aSauvage
786 0 _nPhilosophie magazine | 101 | 7 | 2016-07-01 | p. 76-76 | 1951-1787
856 4 1 _uhttps://shs.cairn.info/magazine-philosophie-magazine-2016-7-page-76?lang=fr&redirect-ssocas=7080
999 _c2056067
_d2056067